Sổ tay trồng trọt

Đã lưu trong:
Bibliografiske detaljer
Hovedforfatter: Trịnh Thị Thu Hương
Format: Bog
Sprog:Undetermined
Udgivet: Hà Nội Thanh Niên 2001
Fag:
Tags: Tilføj Tag
Ingen Tags, Vær først til at tagge denne postø!
Thư viện lưu trữ: Trung tâm Học liệu Trường Đại học Cần Thơ
LEADER 00573nam a2200193Ia 4500
001 CTU_44199
008 210402s9999 xx 000 0 und d
020 |b 30.000đ 
082 |a 631 
082 |b H561 
100 |a Trịnh Thị Thu Hương 
245 0 |a Sổ tay trồng trọt 
245 0 |c Trịnh Thị Thu Hương 
260 |a Hà Nội 
260 |b Thanh Niên 
260 |c 2001 
650 |a fertilizers,manures,plant breeding,plants, cultivated,soil science 
904 |i Minh, 011026 
980 |a Trung tâm Học liệu Trường Đại học Cần Thơ